000 nam a22 a 4500
999 _c396678
_d396678
003 BLK
005 20221208031031.0
008 210202b bu |||||r|||| 00| | bu d
040 _aBLK
041 _aRUS
_cRUS
080 _b725
_aАрхитектура на обществени, търговски и промишлени сгради
_z725
100 _9440050
_aХорнбостл, Калеб
_eпърви автор
139 _aХорнбостл, Калеб
245 _aАрхитектурные детали и оборудование зданий разного назначения
_cКалеб Хорнбостл, Элмер А. Беннет; Сокр. пер. с англ. И.Л. Черня.
257 _aSUN
260 _bГосстройиздат
_c1963
_9216146
_aМосква
300 _a200 с.
_c27 см
_bс ил., сх.
380 _a7
653 7 _aархитектура
_9181364
653 7 _aсгради
_9196309
700 _aБеннет, Элмер А.
_eсъавт.
_91445
852 _aЦб ІІ 2402
_bЦб
942 _cKNG
_n0
_s1
944 _aCR
_c2021-02-02